| 000 | 00634nam a22002057a 4500 | ||
|---|---|---|---|
| 999 |
_c8325 _d8325 |
||
| 003 | AR-CdUCM | ||
| 008 | 190322b ||||| |||| 00| 0 spa d | ||
| 040 |
_aMUNICIPALIDAD PROVINCIAL DEL CUSCO _cBIBLIOTECA MUNICIPAL DEL CUSCO |
||
| 082 |
_a869.56 / _bC14 |
||
| 100 |
_aCáceres Santillana, César _923372 |
||
| 245 | _aCuarto creciente / | ||
| 260 |
_aMadrid : _bImprenta de Galo Sáez, _c1930. |
||
| 300 |
_a71 páginas ; _c17 cm. |
||
| 500 | _aDonacion familia Nieto. | ||
| 650 |
_aPoesías peruanas _91481 |
||
| 650 |
_aSiglo XX _98 |
||
| 700 |
_aBlanco-Fombona, Rufino (pórtico) _923373 |
||
| 942 |
_2ddc _cLIBROS |
||
| 945 | _azta | ||